000 00433pab a2200193 454500
008 180718b2008 xxu||||| |||| 00| 0 eng d
100 _aPatel, Raj
245 _aThe unthinkable in pursuit of the eatable
260 _c2008
300 _ap.442-49.
362 _aDec
650 _aFarmers
650 _aWomen
650 _aClimatic change
650 _aFood supply
773 _aDevelopment
908 _aN
909 _a80717
999 _c80717
_d80717